000 00304nam a22001337a 4500
008 180918b xxu||||| |||| 00| 0 eng d
020 _a9781861006929
041 _aeng
080 _a004
100 _a30
101 _aSHK
245 _aBegining Database With Mysql
_cStones.R
942 _2udc
_cBK
999 _c47934
_d47934